| 000 | 00674nam a22002057a 4500 | ||
|---|---|---|---|
| 005 | 20140908115627.0 | ||
| 010 | _aENG-110753 | ||
| 020 |
_a9788183876056 _c1200.00 |
||
| 035 | _aEN-94285 | ||
| 037 | _bDBAD/PUB | ||
| 082 | _a362.110954 | ||
| 100 | _aVictoria, N.J.(Narichiti J.) | ||
| 245 |
_aPatient centered hospitals / _cby N.J. Victoria [and] T. Sreenivas |
||
| 260 |
_aNew Delhi _bSerials Publications _c2014 |
||
| 270 |
_a4830/24, Prahlad Street, Ansari Road, Darya Ganj _bNew Delhi _e110002 |
||
| 300 |
_axiii,583p. _c22cm(Hb) |
||
| 500 | _aIncludes bibliographical references | ||
| 700 | _aSreenivas, T. | ||
| 942 |
_2ddc _cEN _h362.110954 _mVIC |
||
| 999 |
_c88329 _d88329 |
||